| 000 | 00480nam a2200181Ia 4500 | ||
|---|---|---|---|
| 003 | 0100 | ||
| 008 | 130303s9999 xx 000 0 und d | ||
| 040 | _cARRUPELIB | ||
| 050 | _aDT20.G452 1988 V.3 | ||
| 100 | _aElfasi, M. (ed) | ||
| 245 | _aUNESCO General History of Africa. III | ||
| 245 | _bAfrica from the Seventh to the Eleventh Century | ||
| 260 | _aCalifornia | ||
| 260 | _bUNESCO Heinemann Educational Books Inc | ||
| 260 | _C1988 | ||
| 300 | _a869p | ||
| 942 | 0 | 0 | _01 |
| 999 |
_c22047 _d22047 |
||